000 00533cam a2200193ua 4500
020 _a81-204-0410-6
_c250.00
041 _aeng
_h
082 _a664.02
_bSRI/AG
100 _aSrivastava, U K .
245 0 0 _aAgro processing: Straegy for acceleration and experts /
_cU K Srivastava.
_hTextual Documents
250 _a1 /
_b.
260 _aNew Delhi :
_bOxford & IBH Publishing company ,
_c1989.
300 _a435 ; .
365 _a250.00
504 _a
700 1 _aVathsala, S .
942 _cBK
999 _c9932
_d9932